| 000 | 00996nam a2200313 4500 | ||
|---|---|---|---|
| 999 |
_c23423 _d23423 |
||
| 001 | vtls012150619 | ||
| 005 | 20221010112731.0 | ||
| 008 | 220930s2022 xo gr 010 f slo | ||
| 020 |
_a9788056910139 _q(viazané) |
||
| 040 |
_aSNK _bslo _cSNK _erda |
||
| 041 | 0 | _aslo | |
| 044 |
_axo _cSK |
||
| 072 | 7 |
_a821.162.4-3 _xSlovenská próza _2konspekt |
|
| 080 |
_a821.162.4-31 _22011 |
||
| 080 |
_a(0:82-311.6) _22011 |
||
| 100 | 1 |
_aMonošová, Martina, _d1972- _4aut _93631 |
|
| 245 | 1 | 0 |
_aSophie _n2 _pRytierova druhá šanca _cMartina Monošová |
| 246 | 3 | 0 | _aRytierova druhá šanca |
| 250 | _a2. vydanie | ||
| 264 | 1 |
_aBratislava _bMarenčin PT _c2022 |
|
| 300 |
_a284 strán _c21 cm |
||
| 336 |
_atext _btxt _2rdacontent |
||
| 337 |
_abez média _bn _2rdamedia |
||
| 338 |
_azväzok _bnc _2rdacarrier |
||
| 655 | 7 |
_aslovenské romány _2SNKPH _91694 |
|
| 655 | 7 |
_ahistorické romány _2SNKPH _91688 |
|
| 655 | 7 |
_aSlovak fiction _2SNKPHeng _91695 |
|
| 655 | 7 |
_aHistorical novels _2SNKPHeng _91689 |
|